Statistics for Most Visited Pages on Wikipedia

Click here to take the quiz!

General Stats

  • This quiz has been taken 8,718 times
  • The average score is 25 of 50

Answer Stats

# views (mil)HintPage% Correct
197countryUnited States
100%
157U.S. leaderDonald Trump
99%
131U.S. leaderBarack Obama
97%
76countryChina
91%
110countryUnited Kingdom
90%
71countryRussia
85%
74list of filmsList of highest-grossing films
79%
89countryCanada
78%
75countryGermany
77%
115conflictWorld War II
77%
75countryJapan
75%
98when two people love each
other very much...
Sex
74%
99monarchElizabeth II
73%
95conflictWorld War I
71%
122countryIndia
70%
75book seriesHarry Potter
69%
106rapperEminem
66%
100historical villainAdolf Hitler
64%
72cityNew York City
64%
71scientistAlbert Einstein
63%
84countryAustralia
63%
98bandThe Beatles
61%
80awardAcademy Awards
60%
114singerMichael Jackson
52%
94singerJustin Bieber
48%
70rapperKanye West
46%
74U.S. leaderAbraham Lincoln
43%
104TV showGame of Thrones
41%
87reality TV personalityKim Kardashian
41%
75singerTaylor Swift
40%
69rapperTupac Shakur
37%
77movie seriesStar Wars
36%
96athleteCristiano Ronaldo
34%
109singerLady Gaga
32%
74singerRihanna
32%
80athleteLionel Messi
30%
83scientistStephen Hawking
29%
88businessmanSteve Jobs
27%
81singerFreddie Mercury
22%
86movie villainDarth Vader
21%
89TV showThe Big Bang Theory
19%
77singerMiley Cyrus
14%
75actorDwayne Johnson
13%
80rapperLil Wayne
12%
74singerSelena Gomez
12%
73TV showThe Walking Dead
12%
78TV showHow I Met Your Mother
11%
79list of peopleList of Presidents
of the United States
10%
71actorJohnny Depp
7%
69athleteMichael Jordan
5%

Score Distribution

Percentile by Number Answered

Percent of People with Each Score

Your Score History

You have not taken this quiz